| 000 | 00970nam a2200277 i 4500 | ||
|---|---|---|---|
| 001 | bg | ||
| 245 | 0 | 0 |
_aEncyklopedia "białych plam". _nT. 15, _pPraska Wiosna - Rozwadowski-Jordan Tadeusz / _c[red. Marek Robert Górniak et al. ; aut. haseł Mariusz Affek et al.]. |
| 260 |
_aRadom : _bPolskie Wydaw. Encyklopedyczne, _c2005. |
||
| 300 |
_a320 s. ; _c24 cm. |
||
| 500 | _aNa okł. i grzb. tyt. t.: Pr-Ro. | ||
| 504 | _aBibliogr. przy hasłach. | ||
| 650 | 9 | _aEncyklopedia polska | |
| 700 | 1 |
_aGÓRNIAK, Marek Robert. _eRed. |
|
| 700 | 1 | _aAFFEK, Mariusz. | |
| 015 | _aPB 1/2005 | ||
| 020 | _a8391206807 (całość) | ||
| 020 | _a8389862115 (t. 15) | ||
| 040 | _cBPK | ||
| 041 | 0 | _apol | |
| 080 | _a0/9(03) | ||
| 920 | _a83-912068-0-7 (całość) | ||
| 920 | _a83-89862-11-5 (t. 15) | ||
| 942 | _cKS | ||
| 008 | s pl f |000 0 pol | ||
| 999 |
_c45970 _d45970 |
||
| 856 |
_uhttp://koha.tu.koszalin.pl/cgi-bin/koha/opac-detail.pl?biblionumber=45970 _yKatalog online BPK |
||